Mindset : (Record no. 591446)

000 -LEADER
fixed length control field 00781nam a22001697a 4500
003 - CONTROL NUMBER IDENTIFIER
control field NUST
005 - DATE AND TIME OF LATEST TRANSACTION
control field 20221107124744.0
020 ## - INTERNATIONAL STANDARD BOOK NUMBER
Terms of availability 9781472139955
082 ## - DEWEY DECIMAL CLASSIFICATION NUMBER
Classification number 153.8,DWE
100 ## - MAIN ENTRY--PERSONAL NAME
Personal name S. Dweck, Carol
9 (RLIN) 102411
245 ## - TITLE STATEMENT
Title Mindset :
Remainder of title cahnging the way you think to fulfil your potential /
Statement of responsibility, etc. Carol S. Dweck
260 ## - PUBLICATION, DISTRIBUTION, ETC.
Place of publication, distribution, etc. Random House Publishing
Name of publisher, distributor, etc. London
Date of publication, distribution, etc. 2017
300 ## - PHYSICAL DESCRIPTION
Extent 301 p
505 ## - FORMATTED CONTENTS NOTE
Formatted contents note The mindsets (Page-3), Inside the mindsets (Page-15), The truth about ability and accomplishment (Page-55), Sports the mindset of a champion (Page-82), Business mindset and leadership (Page-108), Relationship mindset in love (Page-147), Parents, teachers and coaches where do mindset come from (Page-176), Changing mindset (Page-223),
610 ## - SUBJECT ADDED ENTRY--CORPORATE NAME
Corporate name or jurisdiction name as entry element Mindset
9 (RLIN) 102412
942 ## - ADDED ENTRY ELEMENTS (KOHA)
Source of classification or shelving scheme
Koha item type Book
Holdings
Withdrawn status Lost status Source of classification or shelving scheme Damaged status Not for loan Permanent Location Current Location Shelving location Date acquired Total Checkouts Full call number Barcode Checked out Date last seen Date last checked out Price effective from Koha item type Public note
          Military College of Signals (MCS) Military College of Signals (MCS) General Stacks 09/27/2022 13 153.8,DWE MCS38221 05/13/2026 04/13/2026 04/13/2026 09/27/2022 Book Almirah Fresh No.44, Shelf No.2
© 2023 Central Library, National University of Sciences and Technology. All Rights Reserved.